Odměňování pracovníků v rozpočtových organizacích /

Další autoři: Moravec, Emil
Jazyk: Čeština
Vydáno: Praha : Práce, 1994
Vydání: 1. vyd.
Edice: Servis Práce
Témata:
Fyzický popis: 70 s. : tab.
Knihy
Uloženo v:
LEADER 01357nam a2200421 a 4500
001 000007849
003 CZ BrMZK
005 20250801114416.0
007 ta
008 941124s1994 xr e lf cze d
015 |a cnb000090336 
020 |a 80-208-0346-7  |c 28.00 
040 |a BOA001  |b cze 
043 |a e-xr--- 
072 7 |a 331  |x Práce  |2 Konspekt  |9 4 
080 |a 334.012.46  |2 MRF 
080 |a 331.2  |2 MRF 
080 |a (437.3)  |2 MRF 
080 |a (094.5)  |2 MRF 
080 |a (035)  |2 MRF 
245 0 0 |a Odměňování pracovníků v rozpočtových organizacích /  |c Aut. kol.: Emil Moravec, . 
250 |a 1. vyd. 
260 |a Praha :  |b Práce,  |c 1994 
300 |a 70 s. :  |b tab. 
490 1 |a Servis Práce ;  |v Sv. 6 
650 0 7 |a rozpočtové organizace  |7 ph125271  |z Česko  |2 czenas 
650 0 7 |a odměňování  |7 ph123693  |z Česko  |2 czenas 
650 0 9 |a nonprofit organizations  |z Czechia  |2 eczenas 
650 0 9 |a compensation  |z Czechia  |2 eczenas 
655 7 |a právní předpisy  |7 fd133151  |2 czenas 
655 7 |a příručky  |7 fd133209  |2 czenas 
655 9 |a legal regulations  |2 eczenas 
655 9 |a handbooks and manuals  |2 eczenas 
700 1 |a Moravec, Emil  |4 aut 
830 0 |a Servis Práce 
910 |a BOA001  |b 2-1003.871 
990 |a BK 
996 6 |b 2610014668  |c 2-1003.871  |l MZK  |r Sklad / do 1 hodiny  |n 23  |p p.v.  |w 000007849  |u 000010  |a 1  |e BOA001  |j MZK50  |s P